| 000 | 00759nam a2200229 u 4500 | ||
|---|---|---|---|
| 001 | 000016032 | ||
| 003 | DO-SdBNP | ||
| 005 | 20250621074006.0 | ||
| 008 | 100223s1971 dr r 000 0 spa d | ||
| 040 |
_aDO-SdBNP _bspa _cBNPHU |
||
| 082 |
_a320.97293 _bC744a |
||
| 100 | 1 |
_aConcepción, J. Agustín _922539 |
|
| 245 | 1 | 0 |
_aAquellas mentiras y estas verdades / _cJ. Agustín Concepción. |
| 260 |
_aSanto Domingo : _bCultural Dominicana, _c1971. |
||
| 300 |
_a120 p. ; _c21 cm. |
||
| 500 | _aIncluye índice de nombres de personas | ||
| 590 | _aInventariado, 2018/ YL | ||
| 600 | 1 | 0 |
_a Balaguer, Joaquín, _d1906-2002 _976556 |
| 651 | 1 | 0 |
_aRepública Dominicana _xPolítica y gobierno _945 |
| 910 | _aValidado. Control de calidad MFF | ||
| 942 |
_2ddc _cLBS1 |
||
| 999 |
_c15574 _d15574 |
||